[Event "European Championship"]
[Site "Plovdiv BUL"]
[Date "2012.03.23"]
[Round "4"]
[White "Hracek, Zbynek"]
[Black "Movsesian, Sergei"]
[Result "1/2-1/2"]
[WhiteElo "2627"]
[BlackElo "2702"]
[PlyCount "63"]
[EventDate "2012.03.20"]
[EventRounds "11"]
[EventCountry "BUL"]

1. e4 c5 2. Nf3 e6 3. d4 cxd4 4. Nxd4 Nc6 5. Nc3 a6 6. f4 Qc7 7. Be2 b5 8. Nxc6
Qxc6 9. Bf3 Bb7 10. Qd4 b4 11. e5 Qc7 12. Ne4 Bxe4 13. Bxe4 Bc5 14. Qd3 Rc8 15.
Qxa6 Nh6 16. Rf1 O-O 17. Bd2 f5 18. exf6 Rxf6 19. Qd3 d5 20. Bxh7+ Kh8 21. Bg6
e5 22. fxe5 Qxe5+ 23. Kd1 Qxb2 24. Rc1 Be3 25. Rxf6 Bxd2 26. Kxd2 Qxf6 27. Re1
Rf8 28. Kc1 Qa1+ 29. Kd2 Qf6 30. Kc1 Qa1+ 31. Kd2 Qf6 32. Kc1 1/2-1/2

[Event "European Championship"]
[Site "Plovdiv BUL"]
[Date "2012.03.23"]
[Round "4"]
[White "Jakovenko, Dmitry"]
[Black "Khairullin, Ildar"]
[Result "1/2-1/2"]
[WhiteElo "2729"]
[BlackElo "2626"]
[PlyCount "107"]
[EventDate "2012.03.20"]
[EventRounds "11"]
[EventCountry "BUL"]

1. e4 c5 2. Nf3 e6 3. d4 cxd4 4. Nxd4 Nc6 5. Nc3 a6 6. Nxc6 bxc6 7. Bd3 d5 8.
O-O Qc7 9. f4 Nf6 10. Qf3 Bb7 11. f5 e5 12. Kh1 h6 13. Bd2 Bd6 14. Be1 d4 15.
Nb1 O-O 16. Bh4 Be7 17. Bxf6 Bxf6 18. Nd2 g6 19. g3 Kg7 20. Kg2 Qe7 21. h4 c5
22. Bc4 Rad8 23. Rf2 Bc8 24. Re1 Rd6 25. Bd3 Rdd8 26. Nc4 Qc7 27. b3 Rde8 28.
Kf1 Qd8 29. Ree2 Rh8 30. Rh2 g5 31. Qh5 Kf8 32. Nd2 Ke7 33. Bc4 Ref8 34. Nf3
gxh4 35. gxh4 Qe8 36. Rhg2 Kd6 37. Qg4 Bb7 38. Qg3 Rhg8 39. Qe1 Rxg2 40. Rxg2
Rg8 41. Bd3 Rxg2 42. Kxg2 Qd8 43. Kh3 Ke7 44. Nh2 Bg7 45. Nf1 h5 46. Qe2 Bh6
47. Bxa6 Bxa6 48. Qxa6 Bf4 49. a4 Qg8 50. Qe2 Qa8 51. Ng3 Bxg3 52. Kxg3 c4 53.
bxc4 Qxa4 54. Qd3 1/2-1/2

[Event "European Championship"]
[Site "Plovdiv BUL"]
[Date "2012.03.23"]
[Round "4"]
[White "Laznicka, Viktor"]
[Black "Jianu, Vlad-Cristian"]
[Result "1-0"]
[WhiteElo "2702"]
[BlackElo "2497"]
[PlyCount "119"]
[EventDate "2012.03.20"]
[EventRounds "11"]
[EventCountry "BUL"]

1. d4 d5 2. c4 e6 3. Nc3 c5 4. cxd5 exd5 5. Nf3 Nc6 6. g3 Nf6 7. Bg2 Be7 8. O-O
O-O 9. dxc5 Bxc5 10. Na4 Be7 11. Be3 Bg4 12. Rc1 Re8 13. Nc5 Qb6 14. Nb3 Qa6
15. a3 Rac8 16. h3 Bh5 17. Re1 h6 18. Qd3 Qxd3 19. exd3 Bg6 20. Rc3 Bd6 21.
Rec1 Bxg3 22. Na5 d4 23. Nxd4 Nxd4 24. Rxc8 Ne2+ 25. Kf1 Nxc1 26. Rxe8+ Nxe8
27. fxg3 Nxd3 28. b3 Nd6 29. Nxb7 Nf5 30. Bxa7 Nxg3+ 31. Kg1 Ne2+ 32. Kh2 Nc3
33. Be3 f5 34. a4 f4 35. Bd4 Ne2 36. Bb6 Nec1 37. a5 Nb4 38. Bc5 Na6 39. Bd6
Bd3 40. Bd5+ Kh7 41. Bxf4 Na2 42. Bd2 Kg6 43. Nd8 N2b4 44. Bb7 Kf6 45. Bc3+ Ke7
46. Nc6+ Nxc6 47. Bxc6 Kd6 48. Bf3 g6 49. b4 Nc7 50. Bg7 h5 51. Kg3 Bf1 52. Bh6
Ne6 53. Kf2 Bb5 54. h4 Nd4 55. Be4 Nf5 56. Bf4+ Kd7 57. Bb7 Nd4 58. a6 Nc6 59.
Ke3 Ke6 60. Bb8 1-0

[Event "European Championship"]
[Site "Plovdiv BUL"]
[Date "2012.03.23"]
[Round "4"]
[White "Melkumyan, Hrant"]
[Black "Vitiugov, Nikita"]
[Result "1/2-1/2"]
[WhiteElo "2628"]
[BlackElo "2709"]
[PlyCount "134"]
[EventDate "2012.03.20"]
[EventRounds "11"]
[EventCountry "BUL"]

1. d4 e6 2. c4 Bb4+ 3. Bd2 Bxd2+ 4. Qxd2 Nf6 5. Nc3 d5 6. e3 O-O 7. Nf3 Qe7 8.
Rc1 dxc4 9. Bxc4 c5 10. O-O Rd8 11. Qe2 cxd4 12. exd4 Nc6 13. Rcd1 b6 14. a3
Bb7 15. Rfe1 Na5 16. Ba2 Nd5 17. Bxd5 Bxd5 18. Ne5 Qb7 19. Rd3 f6 20. Nxd5 Qxd5
21. Ng4 Nc6 22. Red1 Ne7 23. Ne3 Qe4 24. f3 Qb7 25. Nc2 Rd6 26. Re3 Qd7 27. Re1
Kf7 28. f4 Nd5 29. Rg3 Kg8 30. Qg4 Rc8 31. Ne3 f5 32. Qh4 Nxe3 33. Rgxe3 Re8
34. Rh3 h6 35. Rg3 Kh8 36. Qh5 Rxd4 37. Rg6 Re4 38. Rxe4 fxe4 39. h3 Qd4+ 40.
Kh2 Re7 41. Qh4 Qd6 42. Rg5 e5 43. f5 Qf6 44. Rg4 Qxh4 45. Rxh4 Rf7 46. Rxe4
Rxf5 47. b4 Kh7 48. a4 h5 49. a5 Kg6 50. g4 hxg4 51. hxg4 Rf4 52. Rxe5 Rxb4 53.
Re7 bxa5 54. Rxa7 Rb5 55. Kg3 Kf6 56. Ra6+ Kg5 57. Ra7 g6 58. Ra6 Rb3+ 59. Kf2
Ra3 60. Kg2 a4 61. Kf2 Ra1 62. Kg3 a3 63. Ra5+ Kf6 64. Kf4 g5+ 65. Kg3 Ke6 66.
Kg2 Kd6 67. Rxg5 Ke6 1/2-1/2

[Event "European Championship"]
[Site "Plovdiv BUL"]
[Date "2012.03.23"]
[Round "4"]
[White "Naiditsch, Arkadij"]
[Black "Kuzubov, Yuriy"]
[Result "1/2-1/2"]
[WhiteElo "2702"]
[BlackElo "2615"]
[PlyCount "86"]
[EventDate "2012.03.20"]
[EventRounds "11"]
[EventCountry "BUL"]

1. d4 c6 2. c4 Nf6 3. Nc3 d5 4. Nf3 a6 5. a4 e6 6. Bg5 Nbd7 7. e3 Qa5 8. Nd2 c5
9. dxc5 Ne4 10. Ndxe4 dxe4 11. Be2 Nxc5 12. O-O Bd7 13. Bh4 Bc6 14. Nb5 Nd7 15.
Nd4 Bb4 16. f4 Nf6 17. g4 O-O-O 18. Be1 Bxe1 19. Qxe1 Qxe1 20. Rfxe1 a5 21.
Rec1 Kc7 22. g5 Nd7 23. c5 e5 24. Nb5+ Kb8 25. Nd6 Rhf8 26. Nc4 exf4 27. exf4
Nxc5 28. Nxa5 Rd2 29. Bf1 Ne6 30. Nc4 Rd4 31. Ne5 Rc8 32. Bh3 Rd2 33. Nc4 Rd3
34. Bxe6 fxe6 35. Ne5 Rd2 36. Nxc6+ bxc6 37. Rd1 Rxb2 38. Rab1 Rxb1 39. Rxb1+
Kc7 40. Kf2 e5 41. fxe5 Re8 42. Ke3 Rxe5 43. h4 c5 1/2-1/2

[Event "European Championship"]
[Site "Plovdiv BUL"]
[Date "2012.03.23"]
[Round "4"]
[White "Paichadze, Luka"]
[Black "Giri, Anish"]
[Result "1/2-1/2"]
[WhiteElo "2491"]
[BlackElo "2717"]
[PlyCount "80"]
[EventDate "2012.03.20"]
[EventRounds "11"]
[EventCountry "BUL"]

1. e4 e5 2. Nf3 Nc6 3. Bb5 Nf6 4. Nc3 Bd6 5. d3 a6 6. Bc4 O-O 7. O-O Be7 8. Bd5
d6 9. Bxc6 bxc6 10. d4 exd4 11. Nxd4 Bd7 12. Qf3 Rb8 13. e5 dxe5 14. Nxc6 Bxc6
15. Qxc6 Qd6 16. Qf3 Qe6 17. Qe2 Rfe8 18. b3 h6 19. Nd1 Nd5 20. c4 Nb4 21. Ne3
a5 22. Bd2 Bc5 23. Rab1 f5 24. Nd5 Bd6 25. Rfd1 c6 26. Nxb4 axb4 27. Rbc1 Bf8
28. Rc2 Rbd8 29. c5 Rd4 30. Be1 Red8 31. Rdc1 e4 32. Rc4 f4 33. Rxb4 Qf5 34.
Rxd4 Rxd4 35. b4 f3 36. Qf1 Qd5 37. a4 Qa2 38. a5 Kh7 39. h3 Qa4 40. Bc3 Rd3
1/2-1/2

[Event "European Championship"]
[Site "Plovdiv BUL"]
[Date "2012.03.23"]
[Round "4"]
[White "Papin, Vasily"]
[Black "Jobava, Baadur"]
[Result "0-1"]
[WhiteElo "2575"]
[BlackElo "2706"]
[PlyCount "102"]
[EventDate "2012.03.20"]
[EventRounds "11"]
[EventCountry "BUL"]

1. Nf3 Nf6 2. c4 g6 3. Nc3 Bg7 4. g3 d6 5. d4 O-O 6. Bg2 c5 7. O-O Nc6 8. dxc5
dxc5 9. Be3 Qa5 10. Bd2 Qa6 11. Nb5 Qb6 12. Bf4 Rd8 13. Qc1 Ne8 14. Nd2 Be6 15.
Nc3 Nd6 16. Rb1 Nxc4 17. Nxc4 Bxc4 18. b3 Ba6 19. Na4 Qb5 20. Qxc5 Qxe2 21.
Rfe1 Qxa2 22. Nc3 Qc2 23. Na4 Bd3 24. Qxc2 Bxc2 25. Rbc1 Nd4 26. Bxb7 Bxb3 27.
Nc5 Bd5 28. Bxa8 Nf3+ 29. Kf1 Nxh2+ 30. Kg1 Nf3+ 31. Kf1 Rxa8 32. Rxe7 a5 33.
Na4 Bf6 34. Rec7 Be6 35. Rb7 Bh3+ 36. Ke2 Nd4+ 37. Kd2 Rd8 38. Bc7 Nb3+ 39. Kc2
Rd2+ 40. Kxb3 Be6+ 41. Rc4 Rd3+ 42. Kc2 Bxc4 43. Bxa5 Rf3 44. Be1 h5 45. Nb2
Be6 46. Kd2 g5 47. Ke2 Ra3 48. Bd2 Bg4+ 49. Kf1 Ra1+ 50. Kg2 Rb1 51. Rb6 Rxb2
0-1

[Event "European Championship"]
[Site "Plovdiv BUL"]
[Date "2012.03.23"]
[Round "4"]
[White "Parligras, Mircea-Emilian"]
[Black "Fressinet, Laurent"]
[Result "0-1"]
[WhiteElo "2614"]
[BlackElo "2693"]
[PlyCount "94"]
[EventDate "2012.03.20"]
[EventRounds "11"]
[EventCountry "BUL"]

1. d4 Nf6 2. c4 g6 3. Nc3 Bg7 4. e4 d6 5. h3 O-O 6. Nf3 Na6 7. Be3 e5 8. d5 Nh5
9. g3 Qe8 10. Be2 f5 11. exf5 gxf5 12. Nh4 Nf6 13. Qc2 f4 14. gxf4 exf4 15. Bd4
Nb4 16. Qd2 f3 17. Rg1 Rf7 18. Nxf3 Bf5 19. Nh4 Nc2+ 20. Kd1 Nxd4 21. Qxd4 Bd7
22. Kc2 Qf8 23. Rg5 Re8 24. Rag1 Kh8 25. Bd3 Re5 26. Rxe5 dxe5 27. Qxe5 Ng8 28.
Qe4 Rxf2+ 29. Ne2 Nf6 30. Qe3 Rh2 31. Rg3 Nh5 32. Rxg7 Qxg7 33. Nf5 Qf6 34.
Nfd4 Nf4 35. Be4 Nxe2 36. Nxe2 Rxh3 37. Qxa7 Qe5 38. Qd4 Qxd4 39. Nxd4 Re3 40.
Bd3 h5 41. Kd2 Rg3 42. Be4 h4 43. c5 h3 44. c6 bxc6 45. dxc6 Bg4 46. a4 h2 47.
Bh1 Rg1 0-1

[Event "European Championship"]
[Site "Plovdiv BUL"]
[Date "2012.03.23"]
[Round "4"]
[White "Riazantsev, Alexander"]
[Black "Mamedov, Rauf"]
[Result "1/2-1/2"]
[WhiteElo "2710"]
[BlackElo "2624"]
[PlyCount "77"]
[EventDate "2012.03.20"]
[EventRounds "11"]
[EventCountry "BUL"]

1. d4 d6 2. Nf3 g6 3. c4 Bg7 4. Nc3 Nf6 5. e4 O-O 6. h3 e5 7. d5 Nh5 8. Be3 Na6
9. a3 Qe8 10. b4 f5 11. c5 Nf6 12. Rc1 Kh8 13. Bc4 Nb8 14. Ng5 Qe7 15. cxd6
cxd6 16. b5 a6 17. a4 axb5 18. axb5 f4 19. Bd2 Nbd7 20. Ne6 Rg8 21. Ra1 Rb8 22.
Ra7 Nb6 23. Bb3 Bxe6 24. dxe6 Rgc8 25. Qe2 Rc5 26. O-O Rbc8 27. Na4 Nxa4 28.
Rxa4 Qe8 29. b6 Qc6 30. Rd1 Qxb6 31. Rb4 Qc7 32. Qd3 Bf8 33. Rb1 Qe7 34. Rb6
R8c7 35. Ba2 Rc2 36. R6b2 R2c5 37. Rb6 Rc2 38. R6b2 R2c5 39. Rb6 1/2-1/2

[Event "European Championship"]
[Site "Plovdiv BUL"]
[Date "2012.03.23"]
[Round "4"]
[White "Sutovsky, Emil"]
[Black "Grigoriants, Sergey"]
[Result "1-0"]
[WhiteElo "2700"]
[BlackElo "2561"]
[PlyCount "67"]
[EventDate "2012.03.20"]
[EventRounds "11"]
[EventCountry "BUL"]

1. e4 e5 2. Nf3 Nc6 3. Bb5 a6 4. Ba4 Nf6 5. O-O Be7 6. Re1 b5 7. Bb3 d6 8. c3
O-O 9. d4 Bg4 10. Be3 Bh5 11. h3 Bg6 12. Nbd2 Qd7 13. Nh4 d5 14. Nxg6 hxg6 15.
exd5 Nxd5 16. dxe5 Nxe5 17. Bc5 Nd3 18. Bxe7 Nxe7 19. Nf3 Rad8 20. Re4 Nc6 21.
Qe2 Nc5 22. Re3 Qf5 23. Bc2 Qf6 24. a4 Rb8 25. axb5 axb5 26. Ne5 b4 27. Ng4 Qg5
28. Qc4 Rfd8 29. Rae1 Na5 30. Qe2 Nc6 31. Qf3 Qd5 32. Re8+ Kh7 33. R1e5 Nxe5
34. Nf6+ 1-0

[Event "European Championship"]
[Site "Plovdiv BUL"]
[Date "2012.03.23"]
[Round "4"]
[White "Volokitin, Andrei"]
[Black "Manolache, Marius"]
[Result "1-0"]
[WhiteElo "2695"]
[BlackElo "2561"]
[PlyCount "105"]
[EventDate "2012.03.20"]
[EventRounds "11"]
[EventCountry "BUL"]

1. e4 c6 2. d4 d5 3. e5 Bf5 4. Nf3 e6 5. Be2 Be7 6. O-O Nd7 7. Nbd2 h5 8. a4 h4
9. h3 Nh6 10. a5 Bg6 11. c3 Nf5 12. b4 f6 13. Nb3 O-O 14. Bf4 fxe5 15. Bxe5 Nd6
16. Nc5 Nxc5 17. bxc5 Ne4 18. Qb3 Bh5 19. Ra2 Rf5 20. Qxb7 Nxc3 21. Rc2 Nxe2+
22. Rxe2 Qe8 23. Re3 Rf7 24. Qb3 Qc8 25. Rb1 Bd8 26. Qd3 Rb7 27. Rxb7 Qxb7 28.
a6 Qf7 29. Qb3 Bf6 30. Qb7 Rf8 31. Qxf7+ Kxf7 32. Rb3 Bxf3 33. Bxf6 gxf6 34.
Rb7+ Kg6 35. gxf3 Rf7 36. f4 f5 37. Kf1 Kf6 38. Ke2 Rg7 39. Rb6 Rc7 40. Rb7 Rg7
41. Kd3 Rg1 42. Rxa7 Rh1 43. Kc3 Rxh3+ 44. Kb2 Rd3 45. Ra8 Rd2+ 46. Kb3 Rd3+
47. Kb4 Rxd4+ 48. Ka5 Rd1 49. a7 Kg7 50. Rc8 Ra1+ 51. Kb6 Rxa7 52. Kxa7 h3 53.
Rb8 1-0

[Event "European Championship"]
[Site "Plovdiv BUL"]
[Date "2012.03.24"]
[Round "5"]
[White "Fressinet, Laurent"]
[Black "Timofeev, Artyom"]
[Result "1-0"]
[WhiteElo "2693"]
[BlackElo "2630"]
[PlyCount "63"]
[EventDate "2012.03.20"]
[EventRounds "11"]
[EventCountry "BUL"]

1. d4 Nf6 2. c4 g6 3. Nf3 Bg7 4. g3 c6 5. Bg2 d5 6. b3 dxc4 7. bxc4 c5 8. Bb2
cxd4 9. Nxd4 Qb6 10. Qb3 Nfd7 11. O-O O-O 12. e3 Nc6 13. Nc3 Na5 14. Qc2 Nxc4
15. Nd5 Qxb2 16. Nxe7+ Kh8 17. Qxc4 Qb6 18. Rfc1 Bxd4 19. Qxd4+ Qxd4 20. exd4
Rd8 21. Rc7 Kg7 22. a4 a5 23. Rb1 Nf6 24. Bxb7 Bxb7 25. Rbxb7 Ne8 26. Rd7 Nd6
27. Rxd8 Rxd8 28. Rc7 Rb8 29. Nc6 Rb2 30. Nxa5 Ne4 31. Nc4 Rc2 32. Nd6 1-0

[Event "European Championship"]
[Site "Plovdiv BUL"]
[Date "2012.03.24"]
[Round "5"]
[White "Giri, Anish"]
[Black "Holzke, Frank"]
[Result "0-1"]
[WhiteElo "2717"]
[BlackElo "2508"]
[PlyCount "88"]
[EventDate "2012.03.20"]
[EventRounds "11"]
[EventCountry "BUL"]

1. d4 d5 2. c4 c6 3. Nf3 Nf6 4. Nc3 dxc4 5. a4 Bf5 6. Ne5 Nbd7 7. Nxc4 Qc7 8.
g3 e5 9. dxe5 Nxe5 10. Bf4 Nfd7 11. Bg2 g5 12. Ne3 gxf4 13. Nxf5 O-O-O 14. Qc2
Kb8 15. O-O fxg3 16. hxg3 h5 17. e3 Nc5 18. b4 Ncd3 19. b5 cxb5 20. axb5 Bc5
21. Qa4 h4 22. Qe4 h3 23. Bh1 h2+ 24. Kg2 f6 25. Rfd1 Bb4 26. Ne2 Qh7 27. Kf1
Nc5 28. Qg2 Rxd1+ 29. Rxd1 Qxf5 30. Nf4 Qc2 31. Qd5 Ne4 32. Nh3 Qc4+ 33. Kg2
Qxd5 34. Rxd5 Nc3 35. Rd4 Bc5 36. Rf4 Rh6 37. Kxh2 Nxb5 38. Rh4 Rxh4 39. gxh4
a5 40. Kg3 a4 41. Bd5 Nc3 42. Be6 a3 43. h5 Bf8 44. Nf4 b5 0-1

[Event "European Championship"]
[Site "Plovdiv BUL"]
[Date "2012.03.24"]
[Round "5"]
[White "Inarkiev, Ernesto"]
[Black "L'ami, Erwin"]
[Result "1-0"]
[WhiteElo "2695"]
[BlackElo "2611"]
[PlyCount "75"]
[EventDate "2012.03.20"]
[EventRounds "11"]
[EventCountry "BUL"]

1. e4 e6 2. d4 d5 3. Nc3 Bb4 4. e5 c5 5. a3 Bxc3+ 6. bxc3 Ne7 7. Nf3 Qc7 8. h4
h6 9. h5 b6 10. Bb5+ Bd7 11. Bd3 Ba4 12. Bf4 Nd7 13. O-O O-O-O 14. Re1 Kb7 15.
Ra2 Rc8 16. Nd2 c4 17. Be2 Qd8 18. Bg4 Qg8 19. Nf1 Qh7 20. Ne3 Nb8 21. Bg3 Nbc6
22. f4 g6 23. hxg6 Qxg6 24. Bh4 Rhg8 25. Qf3 Qh7 26. Bh3 Ng6 27. Bf6 Nf8 28. f5
Re8 29. Raa1 Ka6 30. Re2 Nb8 31. Rf1 Ka5 32. Qh5 Bd7 33. Bh4 Rg7 34. fxe6 fxe6
35. Nxd5 Qg6 36. Nf4 Qxh5 37. Nxh5 Rg6 38. Rf7 1-0

[Event "European Championship"]
[Site "Plovdiv BUL"]
[Date "2012.03.24"]
[Round "5"]
[White "Jobava, Baadur"]
[Black "Hracek, Zbynek"]
[Result "1-0"]
[WhiteElo "2706"]
[BlackElo "2627"]
[PlyCount "87"]
[EventDate "2012.03.20"]
[EventRounds "11"]
[EventCountry "BUL"]

1. e4 c5 2. Ne2 e6 3. Nbc3 d5 4. d4 Nf6 5. e5 Nfd7 6. f4 Nc6 7. Be3 a6 8. g3 b5
9. Bg2 b4 10. Na4 cxd4 11. Nxd4 Bb7 12. O-O Qa5 13. c4 bxc3 14. bxc3 Nxd4 15.
cxd4 Bc6 16. Nb2 Bb5 17. Rf3 Be7 18. a4 Bc6 19. Nd3 O-O 20. g4 Rab8 21. f5 Qb6
22. Bf2 Rfc8 23. Nf4 Ba8 24. Bf1 Bg5 25. Bd3 Bxf4 26. Rxf4 a5 27. f6 Qb3 28.
Qf1 Rc3 29. Rf3 Nxe5 30. dxe5 d4 31. Rb1 Bxf3 32. Rxb3 Rbxb3 33. Bc4 Rb4 34.
Bxd4 Rbxc4 35. Bxc3 Rxc3 36. Qe1 Rd3 37. Qxa5 h6 38. Qc7 gxf6 39. exf6 Bxg4 40.
Qc8+ Kh7 41. Qf8 Rd1+ 42. Kf2 Kg6 43. Qg7+ Kf5 44. Qxf7 1-0

[Event "European Championship"]
[Site "Plovdiv BUL"]
[Date "2012.03.24"]
[Round "5"]
[White "Jones, Gawain C B"]
[Black "Vitiugov, Nikita"]
[Result "1/2-1/2"]
[WhiteElo "2635"]
[BlackElo "2709"]
[PlyCount "56"]
[EventDate "2012.03.20"]
[EventRounds "11"]
[EventCountry "BUL"]

1. e4 c5 2. Nf3 e6 3. c3 Nf6 4. e5 Nd5 5. d4 cxd4 6. cxd4 d6 7. Bc4 Be7 8. O-O
O-O 9. Qe2 b6 10. Nbd2 Bb7 11. Ne4 dxe5 12. dxe5 Nd7 13. Bd2 Rc8 14. Rac1 Nc5
15. Nfg5 h6 16. Nxc5 Bxc5 17. Ne4 Qh4 18. Bxd5 Bxd5 19. Nxc5 Rxc5 20. Rxc5 bxc5
21. Qe3 Bxa2 22. Qxc5 Bd5 23. Bc3 a6 24. f3 Ra8 25. Ra1 Qg5 26. Kf2 Qh4+ 27.
Kg1 Qg5 28. Kf2 Qh4+ 1/2-1/2

[Event "European Championship"]
[Site "Plovdiv BUL"]
[Date "2012.03.24"]
[Round "5"]
[White "Khairullin, Ildar"]
[Black "Sutovsky, Emil"]
[Result "1/2-1/2"]
[WhiteElo "2626"]
[BlackElo "2700"]
[PlyCount "45"]
[EventDate "2012.03.20"]
[EventRounds "11"]
[EventCountry "BUL"]

1. d4 Nf6 2. c4 g6 3. Nc3 d5 4. cxd5 Nxd5 5. e4 Nxc3 6. bxc3 Bg7 7. Be3 c5 8.
Qd2 Qa5 9. Rc1 cxd4 10. cxd4 Qxd2+ 11. Bxd2 O-O 12. Nf3 Bg4 13. Be3 Bxf3 14.
gxf3 Nc6 15. d5 Nd4 16. f4 Rac8 17. Rxc8 Rxc8 18. Bd3 Nf3+ 19. Ke2 Nd4+ 20. Kd2
Nf3+ 21. Ke2 Nd4+ 22. Kd2 Nf3+ 23. Ke2 1/2-1/2

[Event "European Championship"]
[Site "Plovdiv BUL"]
[Date "2012.03.24"]
[Round "5"]
[White "Kulaots, Kaido"]
[Black "Jakovenko, Dmitry"]
[Result "1/2-1/2"]
[WhiteElo "2585"]
[BlackElo "2729"]
[PlyCount "81"]
[EventDate "2012.03.20"]
[EventRounds "11"]
[EventCountry "BUL"]

1. c4 c6 2. Nf3 d5 3. e3 Nf6 4. Nc3 e6 5. d4 Nbd7 6. Qc2 Bd6 7. Bd3 O-O 8. O-O
dxc4 9. Bxc4 b5 10. Be2 Bb7 11. e4 e5 12. dxe5 Nxe5 13. Nh4 b4 14. Nf5 bxc3 15.
Rd1 Ne8 16. Qxc3 Qf6 17. f4 Bc7 18. fxe5 Qxe5 19. Qxe5 Bxe5 20. Rd7 Bc8 21. Rd3
Bxf5 22. exf5 Nd6 23. Bf3 Nxf5 24. Bxc6 Rab8 25. Rd5 f6 26. Bd7 Nd4 27. Bg4 Nc2
28. Rb1 Na3 29. Ra1 Nc2 30. Rb1 Rfe8 31. Bd2 Rxb2 32. Rxb2 Bxb2 33. Bd7 Re5 34.
Rxe5 Bxe5 35. Ba4 Nd4 36. Be3 Kf8 37. Bxd4 Bxd4+ 38. Kf1 Ke7 39. Ke2 Bb6 40.
Kf3 Kd6 41. Ke4 1/2-1/2

[Event "European Championship"]
[Site "Plovdiv BUL"]
[Date "2012.03.24"]
[Round "5"]
[White "Lenic, Luka"]
[Black "Naiditsch, Arkadij"]
[Result "1/2-1/2"]
[WhiteElo "2637"]
[BlackElo "2702"]
[PlyCount "60"]
[EventDate "2012.03.20"]
[EventRounds "11"]
[EventCountry "BUL"]

1. d4 Nf6 2. c4 e6 3. Nc3 Bb4 4. e3 O-O 5. Bd3 c5 6. Nf3 b6 7. O-O Bb7 8. Na4
cxd4 9. exd4 Be7 10. Bf4 d6 11. Re1 Nbd7 12. Nc3 d5 13. Ne5 Rc8 14. Bg3 Bb4 15.
cxd5 Nxd5 16. Nxd5 Bxd5 17. Re3 f5 18. Nxd7 Qxd7 19. Be5 Bd6 20. Bc2 Bxe5 21.
Rxe5 Rfd8 22. Bb3 Bc4 23. h3 b5 24. Bxc4 Rxc4 25. Qe2 Rxd4 26. Rxe6 Rd2 27. Qe5
Rd5 28. Qe2 Rd2 29. Qe5 Rd5 30. Qe2 Rd2 1/2-1/2

[Event "European Championship"]
[Site "Plovdiv BUL"]
[Date "2012.03.24"]
[Round "5"]
[White "Malakhov, Vladimir"]
[Black "Salgado Lopez, Ivan"]
[Result "1-0"]
[WhiteElo "2705"]
[BlackElo "2621"]
[PlyCount "49"]
[EventDate "2012.03.20"]
[EventRounds "11"]
[EventCountry "BUL"]

1. c4 g6 2. e4 e5 3. d4 Nf6 4. Nc3 exd4 5. Qxd4 Nc6 6. Qd1 Bg7 7. Bd3 O-O 8.
Nf3 d6 9. O-O Ne5 10. Be2 Nxf3+ 11. Bxf3 Be6 12. Be2 Nd7 13. Be3 Nb6 14. Qb3 f5
15. exf5 gxf5 16. Nd5 Bf7 17. Nf4 Qd7 18. Qc2 Nc8 19. Rad1 Ne7 20. Bf3 Rae8 21.
Bd4 Bxd4 22. Rxd4 b6 23. Qc3 Ng6 24. Nh5 Be6 25. Bc6 1-0

[Event "European Championship"]
[Site "Plovdiv BUL"]
[Date "2012.03.24"]
[Round "5"]
[White "Mamedov, Rauf"]
[Black "Volokitin, Andrei"]
[Result "1/2-1/2"]
[WhiteElo "2624"]
[BlackElo "2695"]
[PlyCount "224"]
[EventDate "2012.03.20"]
[EventRounds "11"]
[EventCountry "BUL"]

1. c4 e5 2. Nc3 Nf6 3. Nf3 Nc6 4. g3 d5 5. cxd5 Nxd5 6. Bg2 Nb6 7. O-O Be7 8.
d3 O-O 9. a3 Be6 10. b4 a5 11. b5 Nd4 12. Rb1 f6 13. Nd2 Qc8 14. e3 Nf5 15. Qc2
Rd8 16. Bb2 Ra7 17. Rfd1 Nd6 18. a4 c6 19. bxc6 bxc6 20. Ba3 Nd5 21. Rdc1 Nf5
22. Bxe7 Nfxe7 23. Nxd5 cxd5 24. Rb6 Qxc2 25. Rxc2 Bf5 26. e4 dxe4 27. Bxe4 Bd7
28. Rc5 Bxa4 29. Nc4 Bd1 30. Nxa5 Be2 31. Rb3 Rad7 32. Nc6 Nxc6 33. Rxc6 Bxd3
34. Bxd3 Rxd3 35. Rxd3 Rxd3 36. h4 h5 37. Rc7 Kh7 38. Re7 Kg6 39. Kg2 Rd8 40.
Kf3 Rf8 41. Ra7 Rf7 42. Ra8 Rb7 43. Rh8 Rb2 44. Re8 Kf5 45. Re7 g6 46. Re8 Rb3+
47. Kg2 e4 48. Re7 Rb6 49. Ra7 Rb2 50. Ra5+ Ke6 51. Kf1 Rd2 52. Ra8 Kf5 53.
Ra5+ Ke6 54. Ra8 Rd5 55. Kg2 Kf5 56. Ra3 Re5 57. Rb3 Ra5 58. Rb8 Ra2 59. Rb5+
Ke6 60. Kf1 Rd2 61. Rb8 Rd6 62. Ra8 Ke5 63. Rb8 Ra6 64. Re8+ Re6 65. Ra8 Rd6
66. Rb8 Kd4 67. Ke2 Rc6 68. Rd8+ Ke5 69. Kf1 Kf5 70. Kg2 Rc2 71. Re8 Re2 72.
Kf1 Ra2 73. Kg2 Ra6 74. Rb8 Ke5 75. Kf1 Ra1+ 76. Kg2 Ra2 77. Re8+ Kd5 78. Rd8+
Kc5 79. Kf1 Ra6 80. Ke2 Rd6 81. Ra8 Kd4 82. Rg8 f5 83. Ra8 Rc6 84. Rd8+ Ke5 85.
Re8+ Re6 86. Rf8 Ra6 87. Re8+ Kd5 88. Rd8+ Ke6 89. Re8+ Kf7 90. Rb8 Ra2+ 91.
Ke3 Ra3+ 92. Ke2 Rd3 93. Rb7+ Ke6 94. Rb6+ Rd6 95. Rb5 Ra6 96. Kf1 Ra3 97. Rb6+
Kf7 98. Rb7+ Kf6 99. Rb6+ Kg7 100. Rb7+ Kh6 101. Kg2 Ra6 102. Re7 g5 103. hxg5+
Kxg5 104. Re8 Ra2 105. Rg8+ Kf6 106. Re8 Rb2 107. Rf8+ Kg6 108. Rg8+ Kf6 109.
Rf8+ Ke5 110. Rh8 Kd4 111. Kf1 Rb1+ 112. Kg2 Rb2 1/2-1/2

[Event "European Championship"]
[Site "Plovdiv BUL"]
[Date "2012.03.24"]
[Round "5"]
[White "Mamedyarov, Shakhriyar"]
[Black "Boruchovsky, Avital"]
[Result "1/2-1/2"]
[WhiteElo "2752"]
[BlackElo "2333"]
[PlyCount "110"]
[EventDate "2012.03.20"]
[EventRounds "11"]
[EventCountry "BUL"]

1. d4 d5 2. c4 e6 3. Nc3 Bb4 4. cxd5 exd5 5. a3 Bxc3+ 6. bxc3 Nf6 7. Bg5 O-O 8.
e3 c5 9. dxc5 Nbd7 10. Qd4 Qa5 11. Qb4 Qxc5 12. Bxf6 Qxb4 13. axb4 Nxf6 14. Bd3
Bd7 15. f3 a5 16. bxa5 Rfc8 17. Ne2 Rc5 18. a6 bxa6 19. Kd2 a5 20. Rhb1 Kf8 21.
g4 h6 22. h4 a4 23. Nd4 Rac8 24. Ba6 R8c7 25. Rb8+ Ke7 26. Bb5 Bxb5 27. Rxb5
Rxb5 28. Nxb5 Rc4 29. Rb1 Nd7 30. Nd4 a3 31. Kc2 Ra4 32. Rb4 Ra6 33. Kb1 a2+
34. Ka1 g6 35. Rb7 Kd6 36. h5 Ke7 37. f4 gxh5 38. gxh5 Ke8 39. Nf5 Nc5 40. Rb5
Ne4 41. c4 Ra3 42. cxd5 Nd2 43. Rb8+ Kd7 44. Rb7+ Kc8 45. Nd6+ Kd8 46. Nxf7+
Kc8 47. Nd6+ Kd8 48. e4 Nb3+ 49. Rxb3 Rxb3 50. f5 Kd7 51. e5 Rd3 52. Ne4 Kd8
53. d6 Rd5 54. Nf6 Rxe5 55. Ng4 Rxf5 1/2-1/2

[Event "European Championship"]
[Site "Plovdiv BUL"]
[Date "2012.03.24"]
[Round "5"]
[White "Maze, Sebastien"]
[Black "Laznicka, Viktor"]
[Result "1/2-1/2"]
[WhiteElo "2577"]
[BlackElo "2702"]
[PlyCount "35"]
[EventDate "2012.03.20"]
[EventRounds "11"]
[EventCountry "BUL"]

1. d4 Nf6 2. c4 e6 3. Nc3 Bb4 4. g3 d5 5. Bg2 O-O 6. cxd5 exd5 7. Nf3 c6 8. O-O
Re8 9. Bf4 Nbd7 10. Rc1 Bf8 11. a3 a5 12. Qb3 Qb6 13. Qc2 Qa6 14. Rfe1 Nb6 15.
Be5 Nbd7 16. Bf4 Nb6 17. Be5 Nbd7 18. Bf4 1/2-1/2

[Event "European Championship"]
[Site "Plovdiv BUL"]
[Date "2012.03.24"]
[Round "5"]
[White "Movsesian, Sergei"]
[Black "Guseinov, Gadir"]
[Result "1-0"]
[WhiteElo "2702"]
[BlackElo "2616"]
[PlyCount "91"]
[EventDate "2012.03.20"]
[EventRounds "11"]
[EventCountry "BUL"]

1. g3 g6 2. Bg2 Bg7 3. c4 d6 4. Nc3 e5 5. d3 f5 6. e3 Nf6 7. Nge2 O-O 8. O-O c6
9. b3 Be6 10. Ba3 Re8 11. Qd2 d5 12. cxd5 Nxd5 13. Rfd1 Nxc3 14. Qxc3 Nd7 15.
Rac1 a5 16. Qc2 Qf6 17. Nc3 Qf7 18. Qd2 Nb6 19. Bc5 Nd5 20. Na4 f4 21. e4 Nc7
22. d4 exd4 23. Bb6 Rf8 24. Nc5 Nb5 25. Bf1 Kh8 26. Bxb5 cxb5 27. Nxe6 Qxe6 28.
Bxd4 Rad8 29. Bxg7+ Kxg7 30. Qxa5 Rxd1+ 31. Rxd1 Qxe4 32. Qxb5 Kh6 33. Qd3 Qe5
34. Qf3 Rf7 35. g4 Kg7 36. Rd5 Qb2 37. Kg2 h6 38. a4 Qc2 39. h4 Qc6 40. Rb5 Qc7
41. h5 gxh5 42. Rxh5 Qd6 43. a5 Qb4 44. Qd5 Rf6 45. Re5 Rf7 46. Re6 1-0